[Event "Highlands Open"]
[Site "Zdar nad Sazavou CZE"]
[Date "2009.09.26"]
[Round "1"]
[White "Loktiev,I"]
[Black "Pospisil,M"]
[Result "1/2-1/2"]
[WhiteElo "2261"]
[BlackElo "1909"]

1.d4 d5 2.c4 e6 3.Nf3 Nf6 4.Nc3 c6 5.e3 Nbd7 6.Bd3 Bd6 7.O-O O-O 8.e4 dxc4
9.Bxc4 e5 10.Re1 Qe7 11.Bg5 exd4 12.Qxd4 Ne5 13.Nxe5 Bxe5 14.Qe3 Be6 15.Bxe6 Qxe6
16.Bf4 Rad8 17.Bxe5 Qxe5 18.Rad1 Ng4 19.Qg3 Qxg3 20.hxg3 Ne5 21.Kf1 g6 22.Ke2 Kg7
23.b3 Kf6 24.f4 Ng4 25.Rh1 h5 26.Kf3 Ke7 27.Na4 b6 28.Nb2 c5 29.Na4 Rxd1
30.Rxd1 Rd8 31.Rxd8 Kxd8 32.Nc3 Kd7 33.Ke2 a6 34.a4 Kc6 35.Kd3 Nf2+ 36.Ke2 Ng4
37.Kd3  1/2-1/2

[Event "69th ch-ITA s/f"]
[Site "Arvier ITA"]
[Date "2009.09.27"]
[Round "2"]
[White "Rota,S"]
[Black "Astengo,M"]
[Result "1/2-1/2"]
[WhiteElo "2022"]
[BlackElo "2117"]

1.d4 d5 2.c4 e6 3.Nf3 c6 4.e3 Nf6 5.Nc3 Nbd7 6.Qc2 Be7 7.Bd3 dxc4 8.Bxc4 b5
9.Be2 Bb7 10.O-O a6 11.Rd1 Qc7 12.Bd3 c5 13.Qe2 O-O 14.Bd2 Rad8 15.Rac1 e5
16.dxe5 Nxe5 17.Nxe5 Qxe5 18.Bb1 Rfe8 19.Be1 Bd6 20.g3 Qe6 21.e4 Bc7 22.f3 Qc6
23.Rxd8 Rxd8 24.Nd1 Bb6 25.Bf2 c4 26.Ne3 a5 27.Kg2 Ba6 28.Nd5 Nxd5 29.exd5 Qf6
30.Bxb6 Qxb6 31.Re1 g6 32.Rd1 b4 33.Qe5 Qc5 34.Qf6 Rd6 35.Qe5 c3 36.Qe8+ Kg7
37.Qe5+  1/2-1/2

[Event "Solomon Islands Int"]
[Site "Honiara SOL"]
[Date "2009.09.27"]
[Round "7"]
[White "Jones,Le"]
[Black "Press,S"]
[Result "0-1"]
[WhiteElo "2117"]
[BlackElo "2076"]

1.d4 d5 2.c4 e6 3.Nf3 Nf6 4.Nc3 c6 5.e3 Nbd7 6.Qc2 a6 7.b3 Bb4 8.a3 Ba5 9.Bd3 dxc4
10.bxc4 c5 11.O-O O-O 12.Rb1 Bxc3 13.Qxc3 b6 14.Qc2 Bb7 15.Qe2 Ne4 16.Bb2 Qc7
17.Rfd1 Ndf6 18.Ba1 Ng4 19.Rf1 Nc3 20.Bxh7+ Kh8 21.Qb2 Bxf3  0-1

[Event "SPICE Cup B"]
[Site "Lubbuck USA"]
[Date "2009.09.27"]
[Round "9"]
[White "Ippolito,D"]
[Black "Bhat,V"]
[Result "0-1"]
[WhiteElo "2455"]
[BlackElo "2473"]

1.d4 d5 2.c4 c6 3.Nc3 Nf6 4.e3 e6 5.Nf3 a6 6.Qc2 c5 7.cxd5 exd5 8.Be2 Nc6
9.O-O Be6 10.dxc5 Bxc5 11.Na4 Bd6 12.Nc5 Qe7 13.Nxe6 fxe6 14.a3 O-O 15.b4 Rac8
16.Qb3 Ne5 17.Nxe5 Bxe5 18.Bb2 Qd6 19.f4 Bxb2 20.Qxb2 Qb6 21.Qe5 Ne4 22.Qd4 Qxd4
23.exd4 g6 24.b5 a5 25.Rac1 Kf7 26.Rfe1 Ke7 27.Bf3 Nc3 28.Bg4 Rf6 29.Rc2 Rc4
30.Bf3 Kd6 31.Rec1 Nxb5 32.Rxc4 dxc4 33.Rxc4 Rxf4 34.Ra4 b6 35.Bd1 Nc3 36.g3 Nxd1
37.gxf4 Nb2  0-1

[Event "TCh-ISL 2009-10"]
[Site "Rekjavik ISL"]
[Date "2009.09.27"]
[Round "4"]
[White "Traustason,I"]
[Black "Brynjarsson,H"]
[Result "0-1"]
[WhiteElo "1788"]
[BlackElo "1969"]

1.d4 d5 2.c4 c6 3.Nf3 Nf6 4.Nc3 e6 5.e3 Nbd7 6.Bd3 Bd6 7.O-O O-O 8.Qe2 dxc4
9.Bxc4 b5 10.Bd3 a6 11.b3 e5 12.dxe5 Nxe5 13.Nxe5 Bxe5 14.Bb2 b4 15.Na4 Bxh2+
16.Kxh2 Ng4+ 17.Kg3 h5 18.Rh1 Qd6+ 19.f4 Re8 20.Bd4 g5 21.Rxh5 gxf4+  0-1

[Event "USCL 2009"]
[Site "ICC INT"]
[Date "2009.09.28"]
[Round "5"]
[White "Shmeliov,D"]
[Black "Erenburg,S"]
[Result "0-1"]
[WhiteElo "2360"]
[BlackElo "2564"]

1.d4 d5 2.c4 c6 3.Nf3 Nf6 4.Nc3 e6 5.e3 Nbd7 6.Qc2 Bd6 7.e4 dxe4 8.Nxe4 Nxe4
9.Qxe4 e5 10.dxe5 O-O 11.Be2 Re8 12.Bf4 Nxe5 13.O-O-O Nd3+ 14.Qxd3 Bxf4+
15.Kb1 Qb6 16.Rhe1 Qxf2 17.Qe4 Bg4 18.Qxf4 Rxe2 19.Rxe2 Qxe2 20.Rd2 Qf1+
21.Kc2 Be6 22.Qd4 Qxc4+ 23.Qxc4 Bxc4 24.Rd7 b6 25.g3 h6 26.Rc7 Re8 27.Rxa7 Re2+
28.Kc3 Bd5 29.Nd4 Rxh2 30.Nf5 Be4 31.Ne7+ Kh7 32.Kd4 Bh1 33.b4 Rd2+ 34.Ke5 c5
35.bxc5 bxc5 36.a4 c4 37.Rc7 Re2+ 38.Kd4 Re4+ 39.Kc3 Re3+ 40.Kxc4 Rxg3 41.a5 Ra3
42.Kb5 Be4 43.Nc8 Rb3+ 44.Ka4 Rb7 45.Rc4 Bd3 46.Rc3 Bb5+ 47.Ka3 Ba6 48.Nd6 Ra7
49.Rc6 Bd3 50.Kb4 h5 51.Rc3 Ba6 52.Rc6 h4 53.Nf5 h3 54.Ng3 Rb7+ 55.Ka3 Re7  0-1

[Event "74th ch-ESP Absoluto"]
[Site "Palma de Mallorca ESP"]
[Date "2009.09.28"]
[Round "3"]
[White "Bordes Ibanez,J"]
[Black "Fenollar Jorda,M"]
[Result "0-1"]
[WhiteElo "2046"]
[BlackElo "2311"]

1.d4 d5 2.c4 c6 3.Nc3 Nf6 4.Nf3 e6 5.e3 Nbd7 6.Bd3 dxc4 7.Bxc4 b5 8.Bd3 a6
9.e4 Bb7 10.e5 Nd5 11.Nxd5 cxd5 12.O-O Be7 13.a4 b4 14.a5 O-O 15.Qe2 Nb8
16.Nd2 Qd7 17.Nb3 Bc6 18.Bd2 Ba4 19.Nc5 Bxc5 20.dxc5 Bb5 21.Bxb4 Bxd3 22.Qxd3 Nc6
23.Bc3 Rfb8 24.Rfd1 Rb3 25.Qc4 Qb7 26.Qa4 Rb8 27.Ra3 Kf8 28.Rxb3 Qxb3 29.Qxb3 Rxb3
30.Kf1 Ke8 31.Ke2 Kd7 32.Rb1 Kc7 33.Kd3 Nb4+ 34.Kd4 Kc6 35.f4 Kb5 36.f5 Nc6+
37.Kd3 d4 38.fxe6 fxe6 39.Kc2 Kc4 40.Rf1 dxc3 41.Rf4+ Nd4+ 42.Rxd4+ Kxd4
43.Kxb3 cxb2 44.Kxb2 Kxe5 45.Kc3 Kd5 46.c6 Kxc6 47.Kc4 e5 48.g3 g6 49.h3 h6
50.h4 h5 51.Kd3 Kb5 52.Ke4 Kxa5 53.Kxe5 Kb4 54.Kf6 a5 55.Kxg6 a4 56.Kxh5 a3
57.Kg6 a2 58.h5 a1=Q 59.h6 Qh8 60.g4 Qg8+ 61.Kf6 Qxg4 62.h7 Qd4+  0-1

[Event "18th TCh-CRO"]
[Site "Sibenik CRO"]
[Date "2009.09.28"]
[Round "8"]
[White "Grachev,B"]
[Black "Balogh,C"]
[Result "1/2-1/2"]
[WhiteElo "2684"]
[BlackElo "2620"]

1.Nf3 d5 2.c4 c6 3.e3 Nf6 4.Nc3 e6 5.d4 Nbd7 6.Qc2 Bd6 7.Bd3 O-O 8.O-O dxc4
9.Bxc4 a6 10.Rd1 b5 11.Be2 Qc7 12.Ne4 Nxe4 13.Qxe4 e5 14.Qd3 exd4 15.Qxd4 Be7
16.Qf4 Qxf4 17.exf4 Bf6 18.Nd4 c5 19.Bf3 Ra7 20.Nc6 Rc7 21.Bd2 b4 22.Rac1 Bb7
23.Nxb4 Bxb2 24.Rc2 Bxf3 25.gxf3 Bf6 26.Be3 Rfc8 27.Nd5 Rc6 28.Nxf6+ Nxf6
29.Rxc5 Rxc5 30.Bxc5 h6 31.Be3 Rc4 32.Rd4 Rxd4 33.Bxd4 Nd5 34.Be3 Nc3 35.a3 f5
36.Kf1 Kf7 37.Bd4 Nb5 38.Bb2 g6 39.Ke2 Ke6 40.Kd3 Kd5 41.a4 Na7 42.Bg7  1/2-1/2

[Event "IMA"]
[Site "Zdar nad Sazavou CZE"]
[Date "2009.09.28"]
[Round "4"]
[White "Bartos,J"]
[Black "Siebenburger,V"]
[Result "1/2-1/2"]
[WhiteElo "2249"]
[BlackElo "2144"]

1.d4 d5 2.c4 c6 3.e3 Nf6 4.Nc3 e6 5.Nf3 Nbd7 6.Bd3 dxc4 7.Bxc4 b5 8.Be2 Bb7
9.O-O Be7 10.e4 b4 11.e5 bxc3 12.exf6 Bxf6 13.bxc3 O-O 14.Rb1 Qc8 15.Qb3 Ba6
16.Bxa6 Qxa6 17.Qa3 Qc8 18.Bf4 Re8 19.Bd6 Nb6 20.Qc5 Qa6 21.Qa3  1/2-1/2

[Event "18th TCh-CRO"]
[Site "Sibenik CRO"]
[Date "2009.09.29"]
[Round "9"]
[White "Bilobrk,F"]
[Black "Kovacevic,Bl"]
[Result "1/2-1/2"]
[WhiteElo "2361"]
[BlackElo "2425"]

1.d4 d5 2.c4 c6 3.Nf3 Nf6 4.Nc3 e6 5.e3 a6 6.a3 Nbd7 7.b3 Bd6 8.Bb2 O-O 9.Be2 b6
10.O-O Bb7 11.Qc2 c5 12.dxc5 bxc5 13.Rfd1 Qc7 14.h3 Rad8 15.Rac1 Qb8 16.cxd5 exd5
17.Nh4 Rfe8 18.Nf5 Bf8 19.Na4 g6 20.Nh4 Rc8 21.Nf3 Ne4 22.Nc3 Ndf6 23.Nxe4 Nxe4
24.Nd2 d4 25.Nxe4 Bxe4 26.Bd3 Bxd3 27.Qxd3 Bg7 28.exd4 cxd4 29.Rxc8 Qxc8
30.Kf1 Qe6 31.b4 h5 32.Bc1 Qe5 33.Kg1 Re6 34.Bd2 Qb5 35.Qf3  1/2-1/2

[Event "69th ch-ITA s/f"]
[Site "Arvier ITA"]
[Date "2009.09.30"]
[Round "5"]
[White "Vezzosi,P"]
[Black "Rota,S"]
[Result "1/2-1/2"]
[WhiteElo "2372"]
[BlackElo "2022"]

1.d4 d5 2.Nf3 Nf6 3.c4 e6 4.Nc3 c6 5.e3 Nbd7 6.Qc2 Bd6 7.Be2 dxc4 8.Bxc4 b5
9.Be2 Bb7 10.O-O O-O 11.Ne4 Nxe4 12.Qxe4 Rb8 13.Bd3 g6 14.Rd1 c5 15.Qg4 c4
16.Bc2 f5 17.Qh3 Qf6 18.Bd2 g5 19.Qh5 h6 20.h3 Qg7 21.Nh2 Nf6 22.Qe2 h5 23.f4 g4  1/2-1/2

[Event "FIDE GP w"]
[Site "Nanjing CHN"]
[Date "2009.10.02"]
[Round "5"]
[White "Dzagnidze,N"]
[Black "Sebag,M"]
[Result "0-1"]
[WhiteElo "2535"]
[BlackElo "2519"]

1.d4 d5 2.c4 c6 3.Nf3 Nf6 4.Nc3 e6 5.e3 Nbd7 6.Bd3 dxc4 7.Bxc4 b5 8.Bd3 Bd6
9.O-O O-O 10.Qc2 Bb7 11.a3 a6 12.b4 a5 13.Rb1 axb4 14.axb4 Qe7 15.e4 e5 16.Bg5 Rfe8
17.Ne2 h6 18.Bh4 Ra3 19.Ng3 g6 20.Ne2 Rea8 21.dxe5 Bxe5 22.Nxe5 Nxe5 23.Nc3 g5
24.Bg3 Nxd3 25.Qxd3 c5 26.bxc5 Bxe4 27.Qe3 Qe6 28.Rxb5 Qc4 29.Be5 Bc6 30.Rb6 Nd5
31.Qe4 Qxe4 32.Nxe4 Nxb6 33.Nf6+ Kf8 34.cxb6 Rb3 35.Bd4 Rd8 36.Be3 Kg7 37.Nh5+ Kg6
38.Ng3 f5 39.Bc5 Rd5 40.Rc1 Rxc5 41.Rxc5 Rb1+ 42.Nf1 Bb5 43.h4 Bxf1 44.hxg5 Kxg5
45.f3 Bd3+ 46.Kf2 Rxb6 47.Ke3 Rb3 48.Rc7 f4+ 49.Kd2 Bf1 50.Rg7+ Kf6 51.Rg4 Kf5
52.Ke1 Bxg2 53.Rxg2 Rb1+ 54.Kf2 Rb2+ 55.Kf1 Rxg2 56.Kxg2 Ke5 57.Kh3 Kd4  0-1

[Event "FSGM October"]
[Site "Budapest HUN"]
[Date "2009.10.03"]
[Round "1"]
[White "Esen,B"]
[Black "Szabo,Krisz1"]
[Result "1/2-1/2"]
[WhiteElo "2494"]
[BlackElo "2489"]

1.d4 d5 2.c4 e6 3.Nf3 Nf6 4.Nc3 c6 5.e3 Nbd7 6.Bd3 dxc4 7.Bxc4 b5 8.Bd3 a6
9.a4 b4 10.Ne4 Bb7 11.O-O c5 12.Nxf6+ Qxf6 13.Qe2 h6 14.Rd1 Bd6 15.b3 cxd4
16.Nxd4 O-O 17.Bb2 Qg5 18.Nf3 Qe7 19.e4 e5 20.Bc4 Nb6 21.Bd3 Nd7 22.Bc4 Nb6
23.Bd3 Kh8 24.Nd2 Bc5 25.Nc4 Nxc4 26.Bxc4 Rfd8 27.Kh1 a5 28.f3  1/2-1/2

[Event "FSGM October"]
[Site "Budapest HUN"]
[Date "2009.10.03"]
[Round "1"]
[White "Ilincic,Z"]
[Black "Varga,Zo"]
[Result "1/2-1/2"]
[WhiteElo "2474"]
[BlackElo "2481"]

1.d4 d5 2.c4 c6 3.Nc3 Nf6 4.Nf3 e6 5.e3 Nbd7 6.Qc2 Bd6 7.b3 O-O 8.Be2 b6
9.O-O Bb7 10.e4 dxe4 11.Nxe4 Nxe4 12.Qxe4 Nf6 13.Qh4 c5 14.dxc5 Bxc5 15.Bb2 Qe7
16.Rad1 Rfd8 17.Ne5 Ne4 18.Qxe7 Bxe7 19.Bf3 Rxd1 20.Rxd1 Rd8 21.Rxd8+ Bxd8
22.Nd3 Be7 23.Be5 f6 24.Bb8 a6 25.Bc7 b5 26.cxb5 axb5 27.a4 bxa4 28.bxa4 Kf8
29.Bb6 Ke8 30.a5 f5 31.Bd4 Ba6 32.Nf4 Kf7 33.Bh5+ g6 34.Be2 Bc5 35.Bxc5 Nxc5
36.Bxa6 Nxa6  1/2-1/2

[Event "1st Duchamp Mem"]
[Site "Buenos Aires ARG"]
[Date "2009.10.05"]
[Round "2"]
[White "Goldwaser,C"]
[Black "Perez Ponsa,F"]
[Result "1/2-1/2"]
[WhiteElo "2441"]
[BlackElo "2422"]

1.Nf3 Nf6 2.c4 e6 3.Nc3 d5 4.d4 c6 5.e3 Nbd7 6.Qc2 Bd6 7.Bd3 dxc4 8.Bxc4 b5
9.Bd3 Bb7 10.O-O O-O 11.a3 a6 12.b4 a5 13.Rb1 axb4 14.axb4 Qe7 15.e4 e5 16.Re1 Bxb4
17.Bg5 Ra3 18.Rb3 Rxb3 19.Qxb3 exd4 20.e5 Bxc3 21.exf6 Qb4 22.Qc2 Bxe1 23.Bxh7+ Kh8
24.Qf5 Nxf6 25.Bxf6 gxf6 26.Qxf6+ Kxh7 27.Qh4+  1/2-1/2

[Event "FIDE GP w"]
[Site "Nanjing CHN"]
[Date "2009.10.08"]
[Round "10"]
[White "Zhao Xue"]
[Black "Sebag,M"]
[Result "1-0"]
[WhiteElo "2542"]
[BlackElo "2519"]

1.d4 d5 2.c4 c6 3.Nc3 Nf6 4.e3 e6 5.Nf3 Nbd7 6.Qc2 Bd6 7.b3 O-O 8.Be2 b6
9.O-O Bb7 10.Bb2 Qe7 11.Rfd1 Rad8 12.Bf1 Rfe8 13.g3 Rc8 14.Bg2 Ba6 15.e4 dxe4
16.Nxe4 Nxe4 17.Qxe4 Bb7 18.Re1 Ba3 19.Bc3 Bb4 20.Bxb4 Qxb4 21.Qc2 Red8 22.a3 Qe7
23.b4 c5 24.bxc5 bxc5 25.d5 Nf8 26.Ne5 Rd6 27.Rab1 Ba8 28.Nc6 Qc7 29.Rb5 Ng6
30.Qa4 Ne7 31.Nxa7 Rcd8 32.Ra5 Rb6 33.Nb5 Qb8 34.Ra7 Nf5 35.dxe6 Bxg2 36.exf7+ Kf8
37.Kxg2 Qc8 38.Nc7 Nh4+ 39.Kh1 Kxf7 40.Nd5+ Rb7 41.Rxb7+ Qxb7  1-0

[Event "FSIMB October"]
[Site "Budapest HUN"]
[Date "2009.10.11"]
[Round "8"]
[White "Nguyen,T"]
[Black "Papp,P"]
[Result "1/2-1/2"]
[WhiteElo "2437"]
[BlackElo "2192"]

1.d4 d5 2.c4 e6 3.Nc3 c6 4.e3 Nf6 5.Nf3 Nbd7 6.Bd3 dxc4 7.Bxc4 b5 8.Bd3 a6
9.e4 c5 10.e5 cxd4 11.Nxb5 axb5 12.exf6 gxf6 13.Nxd4 Qb6 14.Nxb5 Rg8 15.Be3 Bb4+
16.Kf1 Bc5 17.Bxc5 Nxc5 18.Be2 Ke7 19.b4 Bb7 20.f3 Rad8 21.Qb1 Nd7 22.a4 Ne5
23.Ra3 Nc4 24.Bxc4 Rd2 25.Be2 Rxe2 26.Kxe2 Rxg2+ 27.Kd3 Qf2 28.Rf1 Qd2+ 29.Kc4 Qd5+
30.Kc3 Qd2+ 31.Kc4 Qd5+ 32.Kc3 Qd2+  1/2-1/2

[Event "TCh-FIN 2009-10"]
[Site "Finland FIN"]
[Date "2009.10.17"]
[Round "3"]
[White "Pohjala,H"]
[Black "Miettinen,T"]
[Result "1-0"]
[WhiteElo "2164"]
[BlackElo "2027"]

1.d4 d5 2.Nf3 Nf6 3.c4 c6 4.Nc3 e6 5.e3 Nbd7 6.Qc2 Bd6 7.Bd3 O-O 8.O-O b6
9.cxd5 cxd5 10.e4 dxe4 11.Nxe4 Qc7 12.Qe2 Bb7 13.Bg5 Nxe4 14.Bxe4 Bxe4 15.Qxe4 Rac8
16.Rfc1 Qb8 17.Rd1 b5 18.d5 Nc5 19.Qh4 exd5 20.Rxd5 Ne6 21.Rad1 Rc4 22.Qh5 Bf4
23.g3 Bxg5 24.Nxg5 Nxg5 25.Qxg5 a6 26.Qe7 h6 27.Rd8  1-0

[Event "Unive Open"]
[Site "Hoogeveen NED"]
[Date "2009.10.17"]
[Round "2"]
[White "Mol,C"]
[Black "Vul,A"]
[Result "0-1"]
[WhiteElo "2079"]
[BlackElo "2309"]

1.d4 d5 2.c4 e6 3.Nc3 c6 4.e3 Nf6 5.Nf3 Nbd7 6.Bd3 dxc4 7.Bxc4 b5 8.Bd3 a6
9.O-O c5 10.Qe2 Bb7 11.Rd1 Qb6 12.a3 Be7 13.Bb1 Rd8 14.dxc5 Nxc5 15.Rxd8+ Qxd8
16.Bc2 Nd5 17.Bd2 O-O 18.Nxd5 Bxd5 19.Rd1 Bc4 20.Qe1 Qc7 21.Ba5 Qc8 22.Nd4 Bf6
23.Rc1 Qb7 24.Bb4 Rc8 25.b3 Nd3 26.Bxd3 Bxd3 27.Rxc8+ Qxc8 28.Qc3 Qxc3 29.Bxc3 Kf8
30.a4 bxa4 31.bxa4 Ke7 32.Bb4+ Kd7 33.f4 e5 34.fxe5 Bxe5 35.Kf2 h5 36.g3 g6
37.Kf3 f5 38.Kf2 Bc4 39.Nf3 Bf6 40.Nd4 Bd3 41.Ne2 g5 42.Nd4 g4 43.Ne2 Bc2
44.Nd4 Bxa4 45.Nxf5 Bc2 46.Nd4 Bd3 47.Ke1 Be5 48.Kd2 Be4 49.Ne2 h4 50.Bc3 Bc7
51.gxh4 Bxh2 52.Ke1 Bc7 53.Kf2 Ke6 54.Nf4+ Kf5 55.Kg3 a5 56.h5 a4 57.h6 Kg5
58.Bb4 Bf5 59.Bf8 Be5 60.Bg7 Bd6 61.Kf2 a3 62.Ne2 Kh4 63.Bf6+ Kh3 64.Kg1 Bh2+
65.Kf1 Bd3 66.Bd4 a2 67.Ke1 Bd6 68.Nc1 Be4 69.Ne2 g3 70.Kd2 g2 71.Kc1 Ba3+
72.Kd1 Bf3 73.Kd2 Bb4+ 74.Kc2 Bxe2 75.h7 Bd1+ 76.Kb2 a1=Q+ 77.Kxa1 g1=Q 78.h8=Q+ Bh5+
79.Kb2 Qg6 80.Qc8+ Bg4 81.Qh8+ Kg2 82.Qe5 Qd3 83.Qd5+ Bf3 84.Qb3 Qb5 85.Qc2+ Bd2+
86.Qb3 Bc1+ 87.Kc3 Qa5+ 88.Kd3 Be2+ 89.Ke4 Qa8+ 90.Ke5 Qe8+ 91.Qe6 Qh5+ 92.Qf5 Qh6
93.Qf4 Qh8+ 94.Qf6 Qh3 95.Qg5+ Bg4 96.Kf6 Bd2 97.Kg7 Kf3 98.Qd5+ Ke2 99.Qb5+ Ke1
100.Qg5 Bf3 101.Qf6 Be4 102.Bc3 Qg3+ 103.Kf8 Qb8+ 104.Kf7 Qc7+  0-1

[Event "Bundesliga 2009-10"]
[Site "Wattenscheid GER"]
[Date "2009.10.18"]
[Round "2"]
[White "Spoelman,W"]
[Black "Bromberger,S"]
[Result "1/2-1/2"]
[WhiteElo "2554"]
[BlackElo "2518"]

1.d4 Nf6 2.c4 e6 3.Nf3 d5 4.Nc3 c6 5.e3 Nbd7 6.Bd3 dxc4 7.Bxc4 b5 8.Bd3 a6
9.e4 c5 10.e5 cxd4 11.Nxb5 axb5 12.exf6 gxf6 13.O-O Qb6 14.Qe2 Bb7 15.Bxb5 Rg8
16.a4 Bd6 17.g3 Ke7 18.Rd1 Ne5 19.Nxe5 fxe5 20.Qh5 Rg6 21.Qh4+ Kf8 22.Qxh7 Qc5
23.Qh8+ Rg8 24.Qh6+ Rg7 25.Qh8+ Rg8 26.Qf6 Rg6 27.Qh8+  1/2-1/2

[Event "Bundesliga 2009-10"]
[Site "Wattenscheid GER"]
[Date "2009.10.18"]
[Round "2"]
[White "Rustemov,A"]
[Black "Mueller,Matt1"]
[Result "1-0"]
[WhiteElo "2532"]
[BlackElo "2410"]

1.d4 d5 2.c4 e6 3.Nf3 Nf6 4.Nc3 c6 5.e3 Nbd7 6.Qc2 Bd6 7.g4 h6 8.h3 dxc4
9.Bxc4 b5 10.Be2 Bb7 11.e4 b4 12.Na4 Be7 13.Nc5 Nxc5 14.dxc5 Qa5 15.Be3 Ba6
16.Nd2 Bxe2 17.Kxe2 O-O 18.Qc4 Rfb8 19.f4 Qc7 20.Rag1 b3 21.a3 Nd7 22.h4 Qa5
23.g5 hxg5 24.hxg5 Qb5 25.Rc1 a5 26.a4 Qxc4+ 27.Rxc4 f5 28.gxf6 Nxf6 29.Bd4 Nd7
30.Rh3 Rb4 31.Rg3 Bf8 32.Rxb4 axb4 33.Nxb3 Rxa4 34.Kd3 Kf7 35.Kc4 Nf6 36.Bxf6 gxf6
37.Rd3 Bh6 38.Nd4 Bxf4 39.b3 Ra6 40.Kxb4 Be5 41.Nf3 Bg3 42.Rd7+ Ke8 43.Rg7 Bf2
44.Rg2 Be3 45.Re2 Bf4 46.Nd4 Kf7 47.Kc4 Be5 48.Nf3 Bf4 49.b4 Ke7 50.Rg2 Kf7
51.Rg1 Ra2 52.Kb3 Re2 53.Nd4 Rxe4 54.Nxc6 f5 55.Na5 Re3+ 56.Ka4 Rc3 57.Nb7 Be3
58.Rd1 f4 59.Kb5 f3 60.Nd6+ Ke7 61.Ne4 Rc2 62.c6 Bf4 63.Rd7+ Kf8 64.Rd3  1-0

[Event "Arco Open A"]
[Site "Arco ITA"]
[Date "2009.10.19"]
[Round "3"]
[White "Grant,J"]
[Black "Cardili,M"]
[Result "1-0"]
[WhiteElo "2249"]
[BlackElo "2106"]

1.c4 c6 2.Nc3 d5 3.d4 Nf6 4.e3 e6 5.Nf3 Nbd7 6.Qc2 Bd6 7.Be2 O-O 8.b3 b6
9.Bb2 Bb7 10.O-O Qe7 11.Rad1 Rad8 12.e4 Nxe4 13.Nxe4 dxe4 14.Qxe4 Rfe8 15.Bd3 f5
16.Qe2 Nf6 17.Rfe1 Bb4 18.Nd2 Bd6 19.Qf3 Qf7 20.Qh3 Qh5 21.Qxh5 Nxh5 22.g3 Nf6
23.Nf3 h6 24.Nh4 Kf7 25.Bf1 g5 26.Nf3 c5 27.Bg2 g4 28.Ng5+ hxg5 29.Bxb7 cxd4
30.Rxd4 Bc5 31.Rdd1 Rh8 32.a3 Be7 33.b4 Rxd1 34.Rxd1 Rd8 35.Rxd8 Bxd8 36.c5 bxc5
37.bxc5 Nd5 38.Kf1 Bf6 39.Bxf6 Nxf6 40.Ke2 Ke7 41.Kd3 Ne8 42.Kd4 Nf6 43.Bc6 Nh7
44.Kc4 Kd8 45.Bg2 Nf6 46.Kd4 Ke7 47.Bh1 Ne8 48.Ke5 Nc7 49.Bb7 Nb5 50.Bc8 Nc7
51.a4 a5 52.c6  1-0

[Event "Guernsey Open"]
[Site "Guernsey GCI"]
[Date "2009.10.20"]
[Round "3"]
[White "Hillarp Persson,T"]
[Black "Goessling,G"]
[Result "1-0"]
[WhiteElo "2577"]
[BlackElo "2277"]

1.d4 d5 2.c4 c6 3.Nf3 Nf6 4.Nc3 e6 5.e3 Nbd7 6.Bd3 Bd6 7.g4 dxc4 8.Bxc4 b6
9.e4 Be7 10.g5 Nh5 11.d5 cxd5 12.exd5 Bb7 13.Nd4 Qc7 14.Bb5 Nf4 15.Bxf4 Qxf4
16.Qa4 O-O-O 17.Nc6 Bxg5 18.h4 Qf6 19.Ba6 Nc5 20.Bxb7+ Nxb7 21.Qxa7 exd5
22.Qb8+  1-0

[Event "Chigorin Mem Open"]
[Site "St Petersburg RUS"]
[Date "2009.10.20"]
[Round "5"]
[White "Lovkov,R"]
[Black "Solovjova,V"]
[Result "1/2-1/2"]
[WhiteElo "2435"]
[BlackElo "2257"]

1.d4 d5 2.c4 c6 3.Nf3 Nf6 4.Nc3 e6 5.e3 Nbd7 6.Bd3 dxc4 7.Bxc4 b5 8.Bd3 Bb7
9.O-O a6 10.a4 b4 11.Ne4 Nxe4 12.Bxe4 Nf6 13.Bc2 c5 14.a5 Be7 15.Ba4+ Kf8
16.Qe2 Qxa5 17.e4 Qb6 18.dxc5 Bxc5 19.Ne5 h6 20.Bf4 Ke7 21.Nc4 Qa7 22.Na5 Rhc8
23.e5 Nd5 24.Bd2 Qb6 25.Nc4 Qd8 26.Qg4 Kf8 27.Rfd1 Bc6 28.Bc2 Qc7 29.Rac1 a5
30.Qh3 Qa7 31.Kh1 Rd8 32.b3 Bb5 33.Be4 a4 34.bxa4 Bxa4 35.Re1 Rab8 36.f4 b3
37.f5 exf5 38.Qxf5 b2 39.Rb1 Bb3 40.Na5 Ne7 41.Qh7 Rxd2 42.Nxb3 Rxb3 43.Qh8+ Ng8
44.Bh7 Re3 45.Rf1 Qa2 46.Qxg8+ Ke7 47.Qxg7 Rf2 48.Qxh6 Ree2 49.Qg5+ Ke8 50.e6 Qxe6
51.Qxc5 Rxg2 52.Qb5+ Kf8 53.Qb8+ Kg7 54.Qg8+ Kh6 55.Qxg2 Rxg2 56.Kxg2 Qe2+
57.Rf2 Qg4+ 58.Kh1 Kxh7 59.Rfxb2 Qe4+ 60.Kg1 Qe3+ 61.Rf2 Kg7 62.Rf1 Qd4 63.Kh1  1/2-1/2

[Event "USCL 2009"]
[Site "ICC INT"]
[Date "2009.10.21"]
[Round "8"]
[White "Bhat,V"]
[Black "Stripunsky,A"]
[Result "0-1"]
[WhiteElo "2473"]
[BlackElo "2556"]

1.d4 d5 2.c4 c6 3.Nf3 Nf6 4.Nc3 e6 5.e3 Nbd7 6.Bd3 dxc4 7.Bxc4 b5 8.Bd3 Bd6
9.O-O O-O 10.Qc2 Bb7 11.a3 a5 12.e4 e5 13.dxe5 Nxe5 14.Nxe5 Bxe5 15.h3 Re8
16.Be3 Qe7 17.Ne2 Bc7 18.Bc5 Bd6 19.Bxd6 Qxd6 20.f4 c5 21.e5 Qb6 22.Rf2 c4
23.Bf5 Nd5 24.Re1 Ne3 25.Qb1 Nxg2 26.Rd1 Rad8 27.Bd7 Re7 28.Rd6 Qc5 29.Qd1 Ne3
30.Bc6 Rxd6 31.Qxd6 Qxc6 32.Qxc6 Bxc6 33.Nd4 Bd7  0-1

[Event "Arco Open A"]
[Site "Arco ITA"]
[Date "2009.10.22"]
[Round "6"]
[White "Naumkin,I"]
[Black "Borgo,G"]
[Result "1/2-1/2"]
[WhiteElo "2450"]
[BlackElo "2434"]

1.d4 d5 2.c4 e6 3.Nc3 c6 4.e3 Nf6 5.Nf3 Nbd7 6.Qc2 Bd6 7.Bd3 dxc4 8.Bxc4 O-O
9.O-O e5 10.Bb3 Re8 11.Ng5 Re7 12.Bd2 exd4 13.exd4 Nf8 14.h3  1/2-1/2

[Event "Guernsey Open"]
[Site "Guernsey GCI"]
[Date "2009.10.22"]
[Round "5"]
[White "Purdon,C"]
[Black "De Kleijnen,H"]
[Result "1-0"]
[WhiteElo "2102"]
[BlackElo "1944"]

1.d4 e6 2.c4 d5 3.Nc3 Nf6 4.Nf3 c6 5.e3 Bd6 6.Qc2 Nbd7 7.Be2 O-O 8.O-O b6
9.e4 dxe4 10.Nxe4 Be7 11.Bf4 Re8 12.Rad1 Nxe4 13.Qxe4 Bb7 14.Bd3 g6 15.Rfe1 Rc8
16.Bh6 Bf6 17.Bc2 Qe7 18.h4 Ba8 19.Qg4 Qb4 20.h5 Nf8 21.hxg6 Nxg6 22.Ne5 Bxe5
23.dxe5 Kh8 24.Qf3 Qe7 25.Rd7 Qh4 26.Qxf7 Qxh6 27.Qf6+ Kg8 28.Re3 Qf8 29.Bxg6 Qxf6
30.Bxh7+ Kf8 31.exf6 Rcd8 32.Rxa7 c5 33.Rg3 Rd1+ 34.Kh2  1-0

[Event "17th TCh-Eur"]
[Site "Novi Sad SRB"]
[Date "2009.10.22"]
[Round "1"]
[White "Schandorff,L"]
[Black "Pashikian,A"]
[Result "0-1"]
[WhiteElo "2501"]
[BlackElo "2663"]

1.d4 d5 2.c4 c6 3.Nf3 Nf6 4.Nc3 e6 5.e3 Nbd7 6.Qc2 Bd6 7.Bd3 O-O 8.O-O dxc4
9.Bxc4 b5 10.Be2 Bb7 11.Rd1 Qc7 12.h3 Rfe8 13.b3 a6 14.Bb2 c5 15.Rac1 Rac8
16.Qb1 Qb8 17.Ng5 cxd4 18.Rxd4 h6 19.Nge4 Bh2+ 20.Kh1 Be5 21.Nxf6+ Nxf6 22.Rdd1 Bxc3
23.Rxc3 Ne4 24.Rxc8 Nxf2+ 25.Kg1 Nxh3+ 26.Kf1 Rxc8 27.gxh3 Qg3 28.e4 Qf4+
29.Ke1 Bxe4 30.Bd3 Qg3+ 31.Kf1 Bg2+  0-1

[Event "17th TCh-Eur"]
[Site "Novi Sad SRB"]
[Date "2009.10.22"]
[Round "1"]
[White "Berkes,F"]
[Black "Haznedaroglu,K"]
[Result "1-0"]
[WhiteElo "2663"]
[BlackElo "2499"]

1.d4 d5 2.c4 c6 3.e3 Nf6 4.Nc3 e6 5.Nf3 Nbd7 6.Bd3 Bd6 7.O-O O-O 8.e4 dxc4
9.Bxc4 e5 10.Bg5 Qe7 11.Re1 Rd8 12.h3 h6 13.Bh4 b5 14.Bb3 a6 15.Bg3 Bb7 16.Nh4 Qe8
17.f4 Bb8 18.fxe5 Nxe5 19.Nf5 Bc8 20.Kh1 Be6 21.Bh4 Bxf5 22.exf5 Qf8 23.dxe5 Rxd1
24.Raxd1 Qb4 25.Rd8+ Kh7 26.Bxf7  1-0

[Event "WJun"]
[Site "Puerto Madryn ARG"]
[Date "2009.10.22"]
[Round "1"]
[White "Bindrich,F"]
[Black "Garnelis,J"]
[Result "1/2-1/2"]
[WhiteElo "2516"]
[BlackElo "2228"]

1.d4 d5 2.c4 e6 3.Nc3 c6 4.e3 Nf6 5.Nf3 a6 6.b3 Bb4 7.Bd2 Nbd7 8.Bd3 O-O
9.O-O Bd6 10.Qc2 e5 11.cxd5 cxd5 12.e4 dxe4 13.Nxe4 Nxe4 14.Bxe4 h6 15.Rad1 exd4
16.Nxd4 Nf6 17.h3 Nxe4 18.Qxe4 Qe7 19.Qd3 Bc7 20.Nf5 Qe5 21.Ng3 Be6 22.Rfe1 Qb5
23.Qf3 Rad8 24.Bc3 Bxg3 25.Qxg3 Qg5 26.Qh2 Rxd1 27.Rxd1 Rc8 28.h4 Qh5 29.Rc1 Qg6
30.f3 Qf5 31.Qg3 f6 32.Kh2 Kh7 33.Qe1 Qf4+ 34.Kg1 Bf5 35.Rd1 Qc7 36.Ba1 Rd8
37.Rc1 Qf4 38.Bc3 Re8 39.Qxe8 Qxc1+ 40.Be1 Qc5+ 41.Bf2 Qc1+ 42.Kh2 Qd2 43.Bg3 Qxa2
44.Qf7 b5 45.Bd6 Qd2 46.Qc7  1/2-1/2

[Event "Chigorin Mem Open"]
[Site "St Petersburg RUS"]
[Date "2009.10.22"]
[Round "7"]
[White "Zhou Weiqi"]
[Black "Bellaiche,A"]
[Result "1-0"]
[WhiteElo "2593"]
[BlackElo "2435"]

1.d4 d5 2.c4 c6 3.Nc3 Nf6 4.e3 e6 5.Nf3 Nbd7 6.Qc2 Bd6 7.b3 O-O 8.Be2 e5
9.cxd5 cxd5 10.Nb5 Bb4+ 11.Bd2 Bxd2+ 12.Nxd2 a6 13.dxe5 Nxe5 14.Nd4 Bg4 15.Bxg4 Nfxg4
16.O-O Rc8 17.Qd1 Nf6 18.N2f3 Nxf3+ 19.Qxf3 g6 20.Rfc1 Qd6 21.Qd1 Qa3 22.Rc2 Nd7
23.Rac1 Nb6 24.g3 Qd6 25.a4 Rxc2 26.Rxc2 Nd7 27.Qd2 Ne5 28.Qa5 Rd8 29.h3 Re8
30.Rc3 h5 31.Qc7 Qb4 32.Qc5 Qxc5 33.Rxc5 Rd8 34.f4 Nd3 35.Rc3 Nb4 36.Rc7 b6
37.Kf2 Rd6 38.Ke2 Kf8 39.Rb7 a5 40.Nf3 Nc6 41.Kd2 Nd8 42.Ra7 Ke8 43.Ne5 Re6
44.Rc7 g5 45.Nd3 Rg6 46.Ne5 Re6 47.Kd3 gxf4 48.gxf4 f6 49.Ng6 Nc6 50.f5 Nb4+
51.Kd2 Re4 52.Rc8+ Kd7 53.Rf8 d4 54.exd4 Rxd4+ 55.Ke3 Rd3+ 56.Ke4 Rd6 57.Rf7+ Kc6
58.Nf4 Na6 59.Nxh5 Nc5+ 60.Kf3 Rd3+ 61.Kg2 Rxb3 62.Nxf6 Nxa4 63.h4 Nc5 64.h5 Rb2+
65.Kg3 Rb3+ 66.Kh4 Rb1 67.h6 Rh1+ 68.Kg5 Rg1+ 69.Kf4 Nd3+ 70.Ke4 Nc5+ 71.Ke3 Re1+
72.Kf3 Nd3 73.Rf8 Ne5+ 74.Kg2 Re2+ 75.Kg3 Re3+ 76.Kf4  1-0